00293nam a2200121Ia 4500100003200000650000800032366000700040245005400047260002700101082001800128300000800146546001700154 aIngle/Vinay K/ Proakis/J.G  aDSP f25 aDigital Signal processing:A matlab based approach bCengage Learningc2008 a621.3822bING a512 aENGLISHcTTL